000 00381nam a22001697a 4500
999 _c3162
_d3161
005 20210927120957.0
008 160618b xxu||||| |||| 00| 0 eng d
020 _a978-81-8488-404-3
041 _aeng
082 _b8220
_a331
100 _aSarma,A M
_96935
245 _aIndustrial Relations
260 _bHPH
_c2009
300 _a469
650 _aManagement
_9241
942 _cBK